| 000 | 01003nam a2200193 a 4500 | ||
|---|---|---|---|
| 008 | 150429s2006 ||||||||||||||||| || u | ||
| 020 | _a9781412907071 | ||
| 050 | _aHV 9960.G7 Sma | ||
| 100 | _aSmartt, Ursula | ||
| 245 | 1 | 0 |
_aCriminal justice _cUrsula Smartt |
| 260 |
_aLos Angels _bSAGE Publications _c2006 |
||
| 300 | _avi,226p. : ill. | ||
| 350 | _a10.01 | ||
| 650 | _aCRIMINAL JUSTICE, ADMINISTRATION OF--STUDY AND TEACHING | ||
| 650 | _aCRIMINAL JUSTICE, ADMINISTRATION OF--GREAT BRITAIN | ||
| 995 |
_FCBU-MAIN LIBRARY (Kitwe) _I10.01 _M2 _UAVAILABLE _WMay 4, 2015 _ZMain Library Open Access Collection |
||
| 995 |
_FCBU-MAIN LIBRARY (Kitwe) _I10.01 _M3 _UAVAILABLE _WMay 14, 2015 _ZAnnex Low-Usage Collection |
||
| 995 |
_FCBU-MAIN LIBRARY (Kitwe) _I10.01 _M1 _UAVAILABLE _WMay 4, 2015 _ZMain Library Open Access Collection |
||
| 999 |
_c62613 _d62613 |
||